000 00549nam a2200169Ia 4500
003 GCL
008 140319s9999 xx 000 0 ara d
040 _aGCL /
_cGCL
082 0 4 _a814
_bم م
100 1 _aمحمد السباعى
245 1 0 _aمشاعر وافكار (هدية من الاديب عبدالفتاح الجمل) /
_cمحمد السباعى
300 _a215 ص
490 _aالهيئة العامة للاستعلامات
_v0
650 0 4 _aالادب العربى
650 0 4 _aالمقالات العربية
942 _2ddc
_cBK
999 _c46938
_d46938